Most Populous Dependent Territories - Statistics

General Stats
  • This quiz has been taken 159 times
  • The average score is 8 of 10
Answer Stats
Country Population Dependent Territory % Correct
United States 3.4 mil Puerto Rico
98%
China 7.3 mil Hong Kong
94%
China 650k Macau
88%
Netherlands 113k Aruba
85%
Netherlands 158k Curaçao
81%
United States 162k Guam
81%
United States 102k United States Virgin Islands
74%
France 275k New Caledonia
65%
France 285k French Polynesia
63%
United Kingdom 98k Jersey
56%
No matching quizzes found
Score Distribution
Percent of People with Each Score
Percentile by Number Answered
Your Score History
You have not taken this quiz